• 首页
  • 本馆介绍
  • 公告通知
  • 最新文献
  • 馆藏检索
  • 电子资源
  • 读者导购
  • 参考咨询
  • 我的图书馆
  • 登录
  • 详细信息显示
  • 放入我的书架
  • 预约/预借图书
  • 作者相关作品
  • 分类相关作品
  • 丛书相关作品
  • 出版社相关作品

书目信息

  • 表格格式
  • 工作单格式
  • 卡片格式
题名:
民国家具鉴藏必读
    
 
作者: 姜维群 著
分册:  
出版信息: 北京   北京联合出版社  2014.01
页数: 297页
开本: 28cm
丛书名:
单 册:
中图分类: TS666.206
科图分类:
主题词: 木制品
电子资源:
ISBN: 978-7-5502-2518-3
000 00543nam0 2200181 450
001 951
005 20160912091105.31
010    @a978-7-5502-2518-3@b平装@dCNY199.00
100    @a20160725d2014 km y0chiy0120 ea
101 0  @achi
200 1  @a民国家具鉴藏必读@Amin guo jia ju jian cang bi du@f姜维群著@Fjiang wei qun zhu
210    @a北京@c北京联合出版社@d2014.01
215    @a297页@d28cm
606 0  @a木制品
690    @aTS666.206@v4
701  0 @a姜维群@Ajiang wei qun@4著
801  0 @aCN@b唐山师范学院图书馆@c20151002
905    @aZUCC@dTS666.206@e51
    
    民国家具鉴藏必读/姜维群著.-北京:北京联合出版社,2014.01
    297页;28cm
    
    
    ISBN 978-7-5502-2518-3(平装):CNY199.00
    
●
相关链接 在E读中查询图书 在五车中查询图书 在当当中查询图书 在豆瓣中查询图书


正题名:民国家具鉴藏必读     索取号:TS666.206/51         预约/预借

序号 登录号 条形码 馆藏地/架位号 状态 备注
1 904072   209040722   第二样本阅览室/ [索取号:TS666.206/51] 在馆    
2 904073   209040731   第三借阅区/ [索取号:TS666.206/51] 在馆    
3 904074   209040740   第三借阅区/ [索取号:TS666.206/51] 在馆    
4 904075   209040759   第三借阅区/ [索取号:TS666.206/51] 在馆    
5 904076   209040768   第三借阅区/ [索取号:TS666.206/51] 在馆    
唐山师范学院图书馆 欢迎您!
大连网信软件有限公司© 版权所有